000 00556nam a2200157 i 4500
001 62760
003 ES-MaACL
005 20230906164726.0
007 t|
008 031125s1954 sp ||||1| spa d
100 1 _aFernández Martín, Luis.
_949898
245 1 3 _aEl General Don Francisco de Longa y la intervención española en Portugal
_b: 1826-1827 /
_cLuis Fernández Martín.
260 _a[Bilbao] :
_bJunta de Cultura de Vizcaya,
_c1954 (
_fImp. Provincial de Vizcaya)
300 _a218 p., 4 lám. ;
_c24 cm.
852 _aES-MaACL
_jC-56568
_bR.89227
999 _c62760
_d62760